Представление документа в формате MARC21

Поле Инд. ПП Название Значение
Тип записи a
Библиографический уровень s
001 Контрольный номер UNIDUBNA4c8967755e024e64be0b3465bb7581a9
005 Дата корректировки 20251029154514.5
008 Кодируемые данные 20121127
022 0_ a ISSN 2312-5942 (online)
084 a Индекс другой классификации/Индекс ББК 88.56
090 a Полочн. индекс Сводное описание журнала
245 10 a Заглавие Организационная психология
c Ответственность учредитель: Национальный исследовательский университет "Высшая школа экономики" (НИУ ВШЭ); гл. ред. В. А. Штроо
246 01 a Другая форма заглавия Organizational Psychology
260 b Издательство НИУ ВШЭ
a Место издания Москва
310 a Периодичность в н.в. 1 раз в 3 месяца
362 1_ a Даты публикации или номер тома 2011 -
500 a Примечание Журнал, издается с 2011 года
500 a Примечание Электронный научный журнал
500 a Примечание На русском и английском языках
520 0_ a Аннотация Журнал является профессиональной коммуникационной площадкой между исследователями и практиками в области организационной психологии. Журнал публикует материалы, освещающие современные проблемы организационной психологии, результаты новых организационно-психологических исследований и внедрения новых научных и прикладных разработок в практику психологической работы с организациями. Журнал также публикует статьи молодых коллег, начинающих свою деятельность в области организационной психологии
540 a Правовые условия Открытый доступ
b Поставщик/Провайдер НИУ ВШЭ
c Источник права лицензия Creative Commons
540 a Правовые условия Бесплатный доступ
b Поставщик/Провайдер КиберЛенинка
650 14 a Основная рубрика организационная психология
a Основная рубрика психология
856 40 a Имя сервера/домена Научная электронная библиотека КиберЛенинка
d Путь https://cyberleninka.ru/
u URL https://cyberleninka.ru/journal/n/organizatsionnaya-psihologiya?i=890575
y Справочный текст Электронная версия
z Примечание для пользователя Архив 2011 - 2024 гг.
i Указания/сценарий входа Бесплатный доступ
856 40 a Имя сервера/домена Организационная психология
d Путь https://orgpsyjournal.hse.ru/
i Указания/сценарий входа Открытый доступ
u URL https://orgpsyjournal.hse.ru/archive.html
y Справочный текст Электронный журнал
z Примечание для пользователя Архив с 2011 г. по настоящее время
900 a Имя электронного ресурса obl_organizacionnaya_psihologia
x Справочная информация Обложка
901 t Тип документа u
952 a Тип литературы для КСУ ВШ НЖ
991 s 2